000 00837cam a22002773a 4500
001 8574
003 PGUSA
005 20140828083202.0
008 040811s2004||||xxu|||||s|||||000 1 eng d
040 _aPGUSA
_beng
042 _adc
050 4 _aPZ
050 4 _aPS
100 1 _aBurnett, Frances Hodgson,
_d1849-1924
245 1 0 _aRacketty-Packetty House, as Told by Queen Crosspatch
_h[electronic resource] /
_cFrances Hodgson Burnett
260 _bProject Gutenberg,
_c2004
506 _aPublic domain in the USA.
516 _aElectronic text
653 _aDolls -- Juvenile fiction
653 _aFairies -- Juvenile fiction
653 _aSocial classes -- Juvenile fiction
700 1 _aCady, Harrison,
_d1877-1970
830 0 _aProject Gutenberg
_v8574
856 4 0 _uhttp://www.gutenberg.org/ebooks/8574
942 _cEB
999 _c237874
_d237874